000 00495nam a2200169 i 4500
001 42362
003 ES-MaACL
005 20250814063213.0
007 t|
008 030313s1959 sp ||||1| spa d
100 1 _aCastillo-Puche, José Luis,
_d1919-2004
_936763
245 1 0 _aAmérica de cabo a cabo /
_cJosé Luis Castillo-Puche.
260 _aMadrid :
_bCid,
_c[1959] (
_fMaribel)
300 _a756 p. ;
_c22 cm.
852 _aES-MaACL
_jC-16571
_bR.44757
999 _c42362
_d42362